Statistiques concernant Départements français les plus éloignés de Paris

Cliquez ici pour prendre le quiz!

Statistiques générales

  • Ce quiz a été pris 310 fois
  • Le résultat moyen est 13 sur 15

Statistiques - réponses

kmDépartements% Correct
6819Guadeloupe
96%
9350La Réunion
95%
6698Martinique
95%
7062Guyane
92%
8014Mayotte
92%
600Alpes-Maritimes
90%
618Var
89%
612Pyrénées-Atlantiques
88%
657Pyrénées-Orientales
87%
572Bouches-du-Rhône
85%
837Haute-Corse
85%
858Corse-du-Sud
84%
606Hautes-Pyrénées
82%
598Aude
73%
617Ariège
72%

Distribution des résultats

Percentile par nombre de réponses

% des personnes avec chaque résultat

Votre développement - résultats

Vous n’avez pas pris ce quiz